|
|
|
|
| LEADER |
00758nam a2200193Ia 4500 |
| 001 |
146538 |
| 008 |
170722s9999 xx 000 0 und d |
| 020 |
|
|
|a 8122415873
|
| 100 |
|
|
|a Om Prakash
|
| 245 |
|
|
|a Cultural history of India /
|
| 260 |
|
|
|a New Delhi :
|b New Age International Publishers ,
|c 2005.
|
| 300 |
|
|
|a xv+628
|
| 653 |
|
|
|a Culture
|
| 653 |
|
|
|a India
|
| 923 |
|
|
|d 20060120
|n V97
|
| 942 |
|
|
|c GEN
|
| 999 |
|
|
|c 132649
|d 132649
|
| 952 |
|
|
|0 0
|1 0
|4 0
|6 Y_1_2_000000000000000_P52P521
|7 0
|9 187333
|a LIB
|b LIB
|d 2013-03-25
|e Prabhus Books
|o Y:1.2 P52-P52;1
|p 260312
|r 2017-08-12
|v 295.00
|w 2017-08-12
|y GEN
|
| 952 |
|
|
|0 0
|1 0
|4 0
|6 Y_1_2_000000000000000_P52P521
|7 0
|9 187334
|a LIB
|b LIB
|d 2013-03-25
|e D C Books
|l 1
|o Y:1.2 P52-P52;1
|p 271977
|r 2020-02-15
|s 2020-01-18
|v 295.00
|w 2017-08-12
|y GEN
|